000 00292nam a22001337a 4500
008 170524b xxu||||| |||| 00| 0 eng d
020 _a9780887304484
041 _aeng
080 _a62
100 _a26
101 _aIM
245 _aTHE FINACIAL ENGINEERING
_cSMITH.W
942 _2udc
_cBK
999 _c14088
_d14088